| 000 | 00565nam a2200181 i 4500 | ||
|---|---|---|---|
| 001 | 105516 | ||
| 003 | ES-MaACL | ||
| 007 | t| | ||
| 008 | 060720s1958 sp ||||1| spa d | ||
| 080 | _a338.1(460)"1957" | ||
| 245 | 0 | 3 |
_aLa situación económica en 1957 / _cBanco Hispano Americano. |
| 260 |
_aMadrid : _bBanco Hispano Americano, _c1958. |
||
| 300 |
_a111 p. ; _c22 cm. |
||
| 500 | _aBiblioteca Juan Andrade. | ||
| 651 | 4 |
_aEspaña- _xSituación económica- _y1957. _98499 |
|
| 710 | 2 |
_aBanco Hispano Americano. _92128 |
|
| 852 |
_aES-MaACL _jAND-321 _bR.109626 |
||
| 999 |
_c105516 _d105516 |
||